US States - No Hints - Statistics

General Stats
  • This quiz has been taken 1,162 times
  • The average score is 46 of 50
Answer Stats
State % Correct
California
97%
New York
95%
North Dakota
95%
Oregon
95%
South Dakota
95%
Washington
95%
Alabama
94%
Alaska
94%
Arizona
94%
Florida
94%
Maine
94%
New Mexico
94%
North Carolina
94%
Ohio
94%
South Carolina
94%
Texas
94%
Virginia
94%
Arkansas
93%
Georgia
93%
Hawaii
93%
West Virginia
93%
Colorado
92%
Delaware
92%
Idaho
92%
Kansas
92%
Michigan
92%
Montana
92%
Rhode Island
92%
Vermont
92%
Wyoming
92%
Connecticut
91%
Illinois
91%
Indiana
91%
Iowa
91%
Kentucky
91%
Louisiana
91%
Mississippi
91%
Nevada
91%
New Hampshire
91%
Pennsylvania
91%
Maryland
90%
Minnesota
90%
Nebraska
90%
New Jersey
90%
Oklahoma
90%
Tennessee
90%
Utah
90%
Massachusetts
89%
Missouri
89%
Wisconsin
88%
No matching quizzes found
Score Distribution
Percent of People with Each Score
Percentile by Number Answered
Your Score History
You have not taken this quiz